000 00998nam a2200253 4500
005 20240530110541.0
008 150704s2013 jo dk g b 000 0 ara d
017 _a2012/7/2405
_bالاردن . دائرة المكتبات الوطنية
020 _a9789957761257
040 _aEG-CaGPL
082 0 4 _221
_a371.3\
_bص إ
100 0 _aصالح احمد امين عبابنه
245 1 0 _aادارة الموارد التعليمية :
_bتدريس العلوم انموذجا /
_cصالح احمد امين عبابنه
250 _aط1 .
260 _aعمان :
_bالرضوان للنشر والتوزيع ،
_c2013 .
300 _a248 ص :
_bايض ؛
_c24 سم ة.
504 _aببليوجرافية : ص 239 - 248
650 0 4 _aالعلوم
_xتعليم وتدريس
650 0 4 _aالعلوم
_xبرامج
650 0 4 _aمدرسون العلوم
_xتدريب
650 0 4 _aالعلوم
_xطرق تدريس
942 _2ddc
_cBK
999 _c62268
_d62268